Statistics for Asian Countries with the Most Christians

Click here to take the quiz!

General Stats

  • This quiz has been taken 14,729 times
  • The average score is 6 of 9

Answer Stats

# Country % % Correct
49 milChina3.5
97%
31 milIndia2.3
94%
97 milPhilippines92.5
84%
32 milIndonesia12
83%
15 milSouth Korea29.2
76%
7.6 milVietnam8
69%
5.2 milKazakhstan28.7
50%
3.3 milArmenia98.7
46%
3.5 milGeorgia88.6
45%

Score Distribution

Percentile by Number Answered

Percent of People with Each Score

Your Score History

You have not taken this quiz